| 000 | 00959nam a2200253Ia 4500 | ||
|---|---|---|---|
| 003 | GCL | ||
| 008 | 140319s9999 xx 000 0 ara d | ||
| 040 |
_aGCL / _cGCL |
||
| 082 | 0 | 4 |
_a723.3 _bم ق |
| 100 | 1 | _aاسماعيل سراج الدين | |
| 245 | 1 | 0 |
_aقصور الحمراء : _bديوان العمارة والنقوش العربية / _cاسماعيل سراج الدين |
| 700 | 1 | _aمحمد عبدالمنعم الجمل | |
| 250 | _aالاولى | ||
| 260 |
_aالقاهرة : _bمكتبة الاسكندرية ، _c2005 |
||
| 300 |
_a394 ص ؛ _c30 سم |
||
| 650 | 0 | 4 | _aالعمارة الاسلامية |
| 650 | 0 | 4 | _aالقصور الاسلامية |
| 650 | 0 | 4 | _aالنقوش الاسلامية |
| 650 | 0 | 4 | _aالنقوش المعمارية |
| 650 | 0 | 4 | _aالعمارة الاسلامية - القاهرة |
| 650 | 0 | 4 | _aقصور الحمراء |
| 650 | 0 | 4 | _aالعمارة الاسلامية - الاندلس |
| 942 |
_2ddc _cBK |
||
| 999 |
_c7610 _d7610 |
||